000 00247nam a2200109Ia 4500
008 190216s9999||||xx |||||||||||||| ||und||
100 _aStephen P Robbins
245 0 _aOrganisational Behaviour
260 _bNull
_c2000
300 _a62p
942 _cBK
999 _c5707
_d5707